Die Meisterwerke der Königl Gemalde-Galerie im Haag und der Galerie der Stadt Haarlem mit einleitdem: text von Karl Voll (Record no. 5235)

MARC details
000 -CABECERA
campo de control de longitud fija 00977nam a2200289 a 4500
001 - NÚMERO DE CONTROL
campo de control BRCA_5541
005 - FECHA Y HORA DE LA ÚLTIMA TRANSACCIÓN
campo de control 20190320205126.0
008 - DATOS DE LONGITUD FIJA--INFORMACIÓN GENERAL
campo de control de longitud fija 280311s1903----enk#######---#000-0#ger-#
041 ## - CÓDIGO DE LENGUA
Código de lengua del texto/banda sonora o título independiente ger
044 ## - CÓDIGO DEL PAÍS DE LA ENTIDAD EDITORA/PRODUCTORA
Código MARC del país enk
050 #4 - SIGNATURA TOPOGRÁFICA DE LA BIBLIOTECA DEL CONGRESO
Número de clasificación ND631
Número de documento/Ítem .V64 1
-- 1903
100 1# - ENTRADA PRINCIPAL--NOMBRE DE PERSONA
Nombre de persona Voll, Karl
9 (RLIN) 13889
245 10 - MENCIÓN DE TÍTULO
Título Die Meisterwerke der Königl Gemalde-Galerie im Haag und der Galerie der Stadt Haarlem mit einleitdem: text von Karl Voll
Mención de responsabilidad, etc. Voll, Karl
260 ## - PUBLICACIÓN, DISTRIBUCIÓN, ETC.
Lugar de publicación, distribución, etc. Londres
Nombre del editor, distribuidor, etc. F. Hanfstaengl
Fecha de publicación, distribución, etc. 1903
300 ## - DESCRIPCIÓN FÍSICA
Extensión XIXp.
Otras características físicas Ils. 110
Dimensiones 27 cm.
500 ## - NOTA GENERAL
Nota general Hanfstaengls Maler-Klassiker: Die Meisterwerke die Bedeutendsten Galerien Europas.
500 ## - NOTA GENERAL
Nota general Las pastas están un poco desgastadas
500 ## - NOTA GENERAL
Nota general Ejemplar igual a Y4
500 ## - NOTA GENERAL
Nota general F17
650 14 - PUNTO DE ACCESO ADICIONAL DE MATERIA--TÉRMINO DE MATERIA
Término de materia o nombre geográfico como elemento de entrada Pintura holandesa
9 (RLIN) 9393
650 14 - PUNTO DE ACCESO ADICIONAL DE MATERIA--TÉRMINO DE MATERIA
Término de materia o nombre geográfico como elemento de entrada Pintores holandeses
9 (RLIN) 14137
650 14 - PUNTO DE ACCESO ADICIONAL DE MATERIA--TÉRMINO DE MATERIA
Término de materia o nombre geográfico como elemento de entrada Pintura
Subdivisión general Historia
9 (RLIN) 14138
650 14 - PUNTO DE ACCESO ADICIONAL DE MATERIA--TÉRMINO DE MATERIA
Término de materia o nombre geográfico como elemento de entrada Galerias y Museos
Subdivisión geográfica Holanda
9 (RLIN) 7615
650 14 - PUNTO DE ACCESO ADICIONAL DE MATERIA--TÉRMINO DE MATERIA
Término de materia o nombre geográfico como elemento de entrada Pintura
Subdivisión geográfica Países Bajos.
9 (RLIN) 13692
902 ## - CATALOGADOR
Iniciales GFM
942 ## - ELEMENTOS DE PUNTO DE ACCESO ADICIONAL (KOHA)
Fuente del sistema de clasificación o colocación Library of Congress Classification
Tipo de ítem Koha Libros
Holdings
Estado de retiro Estado de pérdida Estado dañado No para préstamo Localización permanente Ubicación/localización actual Fecha de adquisición Número de inventario Total de préstamos Signatura topográfica completa Código de barras Fecha visto por última vez Precio válido a partir de Tipo de ítem Koha
El ejemplar forma parte de la colección y puede ser consultado según las políticas vigentes.       Biblioteca del Museo Franz Mayer (Rogerio Casas-Alatriste) Biblioteca del Museo Franz Mayer (Rogerio Casas-Alatriste) 09/02/2011 F17   ND631 .V64 1 1903 (F17) 5977 22/03/2019 22/03/2019 Libros